| 000 | 01141nam a22003497a 4500 | ||
|---|---|---|---|
| 003 | CHAP | ||
| 005 | 20220329135152.0 | ||
| 008 | 971013s1974 r 00010 d | ||
| 010 | _a32034 | ||
| 011 | _a33006 | ||
| 035 | _a37121 | ||
| 040 | _cCHAP | ||
| 090 | _aTesis | ||
| 100 | 0 | 0 |
_aMartínez Rangel, Rafael. _972428 |
| 245 | _aSituación actual y programa de desarrollo para un ejido de El Bajío | ||
| 260 |
_aChapingo, Méx. : _bEl autor, _c(1974) |
||
| 300 |
_a140 h. _b; mapas |
||
| 502 | _aTesis (M.C. Esp. en Economía Agrícola) -- ENA. Centro de Economía Agrícola | ||
| 590 |
_aALEPH _b10 _c20130110 _lUCH01 _h1254 |
||
| 590 |
_aBATCH-UPD _b10 _c20130110 _lUCH01 _h2133 |
||
| 590 |
_aBATCH-UPD _b10 _c20130410 _lUCH01 _h1442 |
||
| 590 |
_aBATCH-UPD _b10 _c20130914 _lUCH01 _h1332 |
||
| 590 |
_aCONVERSION _b10 _c20130109 _lUCH01 _h1318 |
||
| 650 | 1 | 4 |
_aEjidos _xBajío. _936006 |
| 650 | 1 | 4 |
_aEjidos _xGuanajuato. _936015 |
| 790 | _aNoria, Gto. | ||
| 901 | _aBK | ||
| 942 | _cFOLL | ||
| 949 |
_bBC _cTES _d-85143 _eTS1 _i37121 _si |
||
| 949 |
_bBC _cTES _d-85144 _eTS2 _fc.2 _i37121 _si |
||
| 949 |
_bBC _cTES _d-85146 _eTS2 _fc.3 _i37121 _si |
||
| 999 |
_c32034 _d32034 |
||